A quién pertenece en realidad #3 - Estadísticas

Estadísticas generales
  • Esta prueba ha sido intentada 59 veces
  • La puntuación promedio es 10 de 15
Estadísticas de respuestas
Territorio País % Correcto
Puerto Rico Estados Unidos
98%
Cerdeña Italia
89%
Tíbet China
83%
Kaliningrado Rusia
83%
Dubái Emiratos Árabes Unidos
74%
Jersey Reino Unido
74%
Terranova Canadá
72%
Región Flamenca (Flandes) Bélgica
70%
Curazao Países Bajos
67%
Zanzíbar Tanzania
65%
Wallis y Futuna Francia
63%
Niue Nueva Zelanda
50%
Isla de los Faisanes Francia/España
48%
Isla Cocos Australia
46%
Islas Célebes Indonesia
30%
No se encontraron pruebas coincidentes
Distribución de puntuación
Porcentaje de gente con cada puntuación
Porcentaje por número respondido
Historial de tus puntuaciones
No has intentado esta prueba.